Technické zhodnotenie predmetu finančného prenájmu nájomcom

Guardado en:
Detalles Bibliográficos
Autor principal: Marušin, Ján
Otros Autores: Polončák, Milan
Formato: Capítulo de libro
Lenguaje:eslovaco
Etiquetas: Agregar Etiqueta
Sin Etiquetas, Sea el primero en etiquetar este registro!

MARC

LEADER 00000naa$a2200000$$$4500
001 0061164
005 20240502071701.9
041 0 |a slo 
044 |a SK 
245 1 0 |a Technické zhodnotenie predmetu finančného prenájmu nájomcom  |c Ján Marušin, Milan Polončák 
100 1 |a Marušin, Ján 
700 1 |a Polončák, Milan